Zákeřné keře : pohádka / Daniela Krolupperová ; ilustrace Eva Chupíková
Record details
- ISBN: 978-80-7367-660-5
- Physical Description: 87 s. : barev. il. ; 22 cm
- Edition: Vyd. 1.
- Publisher: Praha : Portál, 2010
Search for related items by subject
| Subject: | keře jedovaté rostliny shrubs poisonous plants |
| Genre: | pohádky publikace pro děti fairy tales children's literature |
Available copies
- 1 of 1 copy available at Common Catalog SPOK.
Holds
- 0 current holds with 1 total copy.
Show Only Available Copies
| Location | Call Number / Copy Notes | Barcode | Shelving Location | Status | Due Date |
|---|---|---|---|---|---|
| Jabok Library | BL-4.2/K | 424480024642 | Beletrie | Available | - |
Electronic resources
Version of Resource: Digitalizovaný dokument
| LDR | 01485nam a2200433 a 4500 | ||
|---|---|---|---|
| 001 | 15106 | ||
| 003 | CZ-PrJAB | ||
| 005 | 20200130151747.0 | ||
| 007 | ta | ||
| 008 | 100218s2010 xr a b 000 f cze | ||
| 015 | . | ‡acnb002040254 | |
| 020 | . | ‡a978-80-7367-660-5 ‡q(váz.) | |
| 035 | . | ‡a(CZ PrNK)nkc20102040254 | |
| 035 | . | ‡a(OCoLC)641498687 | |
| 040 | . | ‡aABA001 ‡bcze ‡dBOA001 | |
| 072 | 7. | ‡a58 ‡xBotanika ‡2Konspekt ‡92 | |
| 072 | 7. | ‡a821-93 ‡xLiteratura pro děti a mládež (beletrie) ‡2Konspekt ‡926 | |
| 080 | . | ‡a821-93 ‡2MRF | |
| 080 | . | ‡a821-34 ‡2MRF | |
| 080 | . | ‡a582.093 ‡2MRF | |
| 080 | . | ‡a582:615.918 ‡2MRF | |
| 080 | . | ‡a(0:82-34) ‡2MRF | |
| 100 | 1 | . | ‡aKrolupperová, Daniela, ‡d1969- ‡7xx0012658 ‡4aut |
| 245 | 1 | 0. | ‡aZákeřné keře : ‡bpohádka / ‡cDaniela Krolupperová ; ilustrace Eva Chupíková |
| 250 | . | ‡aVyd. 1. | |
| 260 | . | ‡aPraha : ‡bPortál, ‡c2010 | |
| 300 | . | ‡a87 s. : ‡bbarev. il. ; ‡c22 cm | |
| 650 | 0 | 7. | ‡akeře ‡7ph114906 ‡2czenas |
| 650 | 0 | 7. | ‡ajedovaté rostliny ‡7ph114827 ‡2czenas |
| 650 | 0 | 9. | ‡ashrubs ‡2eczenas |
| 650 | 0 | 9. | ‡apoisonous plants ‡2eczenas |
| 655 | 7. | ‡apohádky ‡7fd133054 ‡2czenas | |
| 655 | 7. | ‡apublikace pro děti ‡7fd133156 ‡2czenas | |
| 655 | 9. | ‡afairy tales ‡2eczenas | |
| 655 | 9. | ‡achildren's literature ‡2eczenas | |
| 700 | 1 | . | ‡aChupíková, Eva, ‡d1974- ‡7hka2010568795 ‡4ill |
| 856 | 4 | 1. | ‡uhttp://krameriusndk.nkp.cz/search/handle/uuid:26115e30-53a1-11e4-8b11-005056827e51 ‡yDigitalizovaný dokument |
| 910 | . | ‡aABG312 | |
| 995 | . | ‡aska | |
| 901 | . | ‡a15106 ‡bCZ-PrJAB ‡c15106 ‡tbiblio | |